Sensualidad - Bad Bunny, Prince Royce, J Balvin, Dj Luian, Mambo Kingz - Estadísticas

Estadísticas generales
  • Esta prueba ha sido intentada 69 veces
  • La puntuación promedio es 384 de 522
Estadísticas de respuestas
Letra % Correcto
a
93%
baby
93%
Baby
93%
de
93%
O
93%
93%
se
93%
sensualidad
93%
sin
93%
tu
93%
93%
93%
Y
93%
y
93%
en
89%
En
89%
la
89%
La
89%
locura
89%
Me
89%
me
89%
oh
89%
ti
89%
al
86%
borde
86%
es
86%
Es
86%
está
86%
no
86%
No
86%
pa
86%
Te
86%
te
86%
tiene
86%
buscar
82%
buscarte
82%
calentarte
82%
casualidad
82%
Con
82%
llama
82%
paso
82%
quiera
82%
temperatura
82%
to
82%
yo
82%
Yo
82%
afuera
79%
como
79%
Como
79%
donde
79%
llamarte
79%
mojarte
79%
que
79%
quieras
79%
si
79%
Si
79%
su
79%
sube
79%
traigas
79%
va
79%
Ay
75%
espérame
75%
esto
75%
mi
75%
así
71%
beso
71%
el
71%
El
71%
paraguas
71%
cirujano
68%
conmigo
68%
dura
68%
vas
68%
contigo
64%
Cuando
64%
estar
64%
estás
64%
habitación
64%
Hay
64%
noche
64%
querer
64%
voy
64%
Yeah
64%
gano
61%
mañana
61%
pero
61%
Piqué
61%
Shakira
61%
siempre
61%
temprano
61%
tiempo
61%
Un
61%
un
61%
Ya
61%
ya
61%
después
57%
hoy
57%
intención
57%
muchos
57%
paralizara
57%
tras
57%
Vístete
57%
Lamborghi
54%
mano
54%
porque
54%
activé
50%
aliento
50%
compré
50%
ella
50%
Ella
50%
escribes
50%
hacerlo
50%
The
50%
una
50%
agarrados
46%
busco
46%
hasta
46%
nos
46%
Selena
46%
vean
46%
ángel
43%
Dale
43%
diablo
43%
las
43%
sientes
43%
trago
43%
traje
43%
Chanel
39%
dejarte
39%
emoji
39%
fiera
39%
perder
39%
siento
39%
tres
39%
Weeknd
39%
imaginé
36%
llegamos
36%
Quiero
36%
tal
36%
todo
36%
toquen
36%
Ea
32%
jeva
32%
tener
32%
Victoria
32%
conocen
29%
solo
29%
yeh
29%
Francia
25%
Ia
25%
ia
25%
ie
25%
puedo
25%
sirvo
25%
woa
25%
bella
21%
tan
21%
póntelo
18%
backstage
14%
ando
11%
Buchanans
7%
BAPE
4%
compremos
4%
hoodie
4%
No se encontraron pruebas coincidentes
Distribución de puntuación
Porcentaje de gente con cada puntuación
Porcentaje por número respondido
Historial de tus puntuaciones
No has intentado esta prueba.